01375nam a2200325 i 4500001000700000003000700007005001700014008004100031020001800072080003400090080003000124080002600154100002600180245015400206246002400360260007100384300006100455504002900516546003500545600004100580600005600621650004400677655004800721700003800769710005600807852003600863942000800899999001900907952012300926186493SpMaBN20260214184140.0161118s2006 sp ao c |||| |dspa d a84-8026-307-5 a745.52 Albers, Anni (083.824) a7 Albers, Josef (083.824) a7.031.2(=87)(083.824)1 aAlbers, Anni.916130910aAnni Albers Josef b: viajes por Latinoamérica : 14 de noviembre de 2006-12 de febrero de 2007 : [exposición] / c[comisaria, Brenda Danilowitz].33aAnni y Josef Albers a[Madrid] : bMuseo Nacional Centro de Arte Reina Sofía, c[2006] a268 p. : bprincipalmente il. col. y n., fot. ; c29 cm. aBibliografía: p. [221] aTexto en español e inglés.17aAlbers, Anni-vExposiciones.916131017aAlbers, Josef, d1888-1976-vExposiciones2915578504aArte precolombino-vExposiciones910267 72tgfbne9193628aCatálogos de exposiciones0 aAlbers, Josef, d1888-19769193032 aMuseo Nacional Centro de Arte Reina Sofía9147737 aES-MaACLjL-30837 z- enc. tela 2udc c186493d186493 00104070aATENEOMbATENEOMcDEPO2d2016-11-18eDONl0oL-30837p1196659r2023-02-23 00:00:00w2023-02-23yMONOGRAFIA